Prawo handlowe

Guardado en:
Detalles Bibliográficos
Otros Autores: Okolski, Józef
Formato: Libro
Lenguaje:polaco
Publicado: [Poľsko] Konieczny i Kruszewski 1999
Colección:Biblioteka przegladu prawa handlowego
Materias:
Etiquetas: Agregar Etiqueta
Sin Etiquetas, Sea el primero en etiquetar este registro!

MARC

LEADER 00000nam a2200000 4500
001 c117151
005 20221221083250.5
020 |a 83-909207-9-4 
041 0 |a pol 
044 |a PL 
245 1 0 |a Prawo handlowe  |c pod redakcja naukowa Józefa Okolskiego 
264 1 |a [Poľsko]  |b Konieczny i Kruszewski  |c 1999 
300 |a 526 s. 
490 1 |a Biblioteka przegladu prawa handlowego 
830 0 |a Biblioteka przegladu prawa handlowego 
610 2 0 |a právo obchodné 
610 2 0 |a spoločnosti obchodné 
610 2 0 |a register obchodný 
610 2 0 |a formy organizácií 
610 2 0 |a formy obchodu 
610 2 0 |a majetok 
610 2 0 |a podnik štátny 
610 2 0 |a privatizácia 
610 2 0 |a likvidácia podniku 
610 2 0 |a konkurzy 
610 2 0 |a konkurencia 
610 2 0 |a ochrana právna 
610 2 0 |a papiere cenné 
610 2 0 |a úver bankový 
610 2 0 |a arbitráž 
610 2 0 |a zákony 
610 2 0 |a predpisy 
610 2 0 |a Európska únia 
610 2 0 |a Poľsko 
700 1 |a Okolski, Józef